Κατάλογος Βιβλιοθηκών Mediterranean College

Επεξεργασία Κειμένου με WORD 2000 / Δακτυλογραφία (Record no. 5116)

MARC details
000 -LEADER
fixed length control field 01618cam a22002054a 4500
005 - ΗΜΕΡΟΜΗΝΙΑ ΚΑΙ ΩΡΑ ΤΕΛΕΥΤΑΙΑΣ ΕΝΗΜΕΡΩΣΗΣ
Πεδίο ελέγχου 20250605164204.0
008 - FIXED-LENGTH DATA ELEMENTS--GENERAL INFORMATION
Πεδίο ελέγχου σταθερού μήκους 250528s ||||||||||||||||||||||||d
035 ## - SYSTEM CONTROL NUMBER
System control number 19873
020 ## - ISBN
ISBN 9607344855
040 ## - ΠΗΓΗ ΚΑΤΑΛΟΓΟΓΡΑΦΗΣΗΣ
Φορέας πρωτότυπης καταλογογράφησης MC Athens Campus Library
Γλώσσα καταλογογράφησης Ελληνικά, Μοντέρνα (1453-)
Modifying agency MC Athens Campus Library
Κανόνες περιγραφικής καταλογογράφησης AACR2
245 1# - ΤΙΤΛΟΣ ΚΑΙ ΔΗΛΩΣΗ ΥΠΕΥΘΥΝΟΤΗΤΑΣ
Τίτλος Επεξεργασία Κειμένου με WORD 2000 / Δακτυλογραφία
260 ## - PUBLICATION, DISTRIBUTION, ETC.
Name of publisher, distributor, etc. Σύγχρονη Εκδοτική,
Date of publication, distribution, etc. 1999
300 ## - PHYSICAL DESCRIPTION
Extent 496
520 ## - SUMMARY, ETC.
Summary, etc. Βασικές Λειτουργίες του WORD 2000, Τα Εργαλεία για τη Σύνταξη των Εγγράφων, Χειρισμός Κειμένου και Πλοήγηση Μέσα στο Έγγραφο, Απεικονίσεις του Εγγράφου, Διαχείριση Εγγράφων, Αναζητήσεις και Αντικαταστάσεις Στοιχείων, Αυτόματες Διορθώσεις και Μορφοποιήσεις του Εγγράφου, Διαμόρφωση Κειμένου, Διαμόρφωση Παραγράφων, Εξειδικευμένα Θέματα, Πίνακες, Ευρετήρια και Πίνακες Περιεχομένων, Πολύστηλα Έγγραφα, Μαζική Αλληλογραφία, Μαθήματα Δακτυλογραφίας, Η Σωστή Πληκτρολόγηση, Εξάσκηση για Μεγάλες Επιδόσεις, Αγγλική Δακτυλογραφία, Ευρετήριο, Βιβλιογραφία.
700 1# - ΠΡΟΣΘΕΤΗ ΑΝΑΓΡΑΦΗ--ΦΥΣΙΚΟ ΠΡΟΣΩΠΟ
Personal name Γκίκας Στέφανος
9 (RLIN) 6025
700 1# - ΠΡΟΣΘΕΤΗ ΑΝΑΓΡΑΦΗ--ΦΥΣΙΚΟ ΠΡΟΣΩΠΟ
Personal name Μαυρομανωλάκης Μιχάλης
9 (RLIN) 2789
942 ## - ADDED ENTRY ELEMENTS (KOHA)
Koha item type Books
Holdings
Τύπος τεκμηρίου Βιβλιοθήκη Τρέχουσα τοποθεσία Barcode Αριθμός εισαγωγής Ημερομηνία απόκτησης Ταξιθετικό σύμβολο Αριθμός αντιτύπου Κατάσταση απόσυρσης Κατάσταση χαμένου Κατάσταση κατεστραμμένου Μη δανεισμός Σύνολο δανεισμών Ημερομηνία τελευταίας εμφάνισης Η τιμή ισχύει από
Books MC Athens Campus Library MC Athens Campus Library 9780000051158 6033 05/06/2025 005.43 ΜΑV 1           05/06/2025 05/06/2025

MC Athens Campus Library
Πατησίων 94 & Κοδριγκτώνος 13, 104 34
Πελλήνης 8 & Πατησίων 107, 112 51
Τ: +30 210 8899600

MC Thessaloniki Campus Library
Ίωνος Δραγούμη 21, 54625 | Ίωνος Δραγούμη 15, 54625
Τ: +30 2310 287779 – Τ: +30 2314 440300